Niti shatakam / (Record no. 132068)
[ view plain ]
| 000 -LEADER | |
|---|---|
| fixed length control field | 00595nam a22002177a 4500 |
| 005 - DATE AND TIME OF LATEST TRANSACTION | |
| control field | 20170124110147.0 |
| 010 ## - LIBRARY OF CONGRESS CONTROL NUMBER | |
| LC control number | A-953299 |
| 020 ## - INTERNATIONAL STANDARD BOOK NUMBER | |
| Terms of availability | 80.00 |
| 035 ## - SYSTEM CONTROL NUMBER | |
| System control number | A-953299 |
| 037 ## - SOURCE OF ACQUISITION | |
| Source of stock number/acquisition | Cen Lib/Ret |
| 040 ## - CATALOGING SOURCE | |
| Original cataloging agency | DPL |
| Language of cataloging | EN |
| 082 ## - DEWEY DECIMAL CLASSIFICATION NUMBER | |
| Classification number | 181.41 |
| Item number | BHA |
| 100 ## - MAIN ENTRY--PERSONAL NAME | |
| Personal name | Bhartihari |
| 9 (RLIN) | 33615 |
| 245 ## - TITLE STATEMENT | |
| Title | Niti shatakam / |
| Statement of responsibility, etc | by Bhartihari |
| 260 ## - PUBLICATION, DISTRIBUTION, ETC. (IMPRINT) | |
| Place of publication, distribution, etc | Mumbai |
| Name of publisher, distributor, etc | Bhartiya Vidya Bhawan |
| Date of publication, distribution, etc | 1996 |
| 270 ## - ADDRESS | |
| City | Mumbai |
| Address | kulpati munshi marg |
| Postal code | 400007 |
| 300 ## - PHYSICAL DESCRIPTION | |
| Extent | xx, 60p. |
| Dimensions | 19cm(Hb) |
| 650 ## - SUBJECT ADDED ENTRY--TOPICAL TERM | |
| Topical term or geographic name as entry element | Philosophy |
| 9 (RLIN) | 33616 |
| 650 ## - SUBJECT ADDED ENTRY--TOPICAL TERM | |
| Topical term or geographic name as entry element | Niti shatakam |
| 9 (RLIN) | 33617 |
| 942 ## - ADDED ENTRY ELEMENTS (KOHA) | |
| Source of classification or shelving scheme | Dewey Decimal Classification |
| Koha item type | English Books |
| Classification part | 181.41 |
| Call number suffix | BHA |
| Withdrawn status | Lost status | Damaged status | Not for loan | Home library | Current library | Date acquired | Source of acquisition | Cost, normal purchase price | Total Checkouts | Full call number | Barcode | Date last seen | Copy number | Cost, replacement price | Price effective from | Koha item type |
|---|---|---|---|---|---|---|---|---|---|---|---|---|---|---|---|---|
| Central Library | Central Library | 16/07/2015 | Cen Lib/Ret | 80.00 | 181.41 BHA | A-953299 | 16/07/2015 | 1 | 80.00 | 16/07/2015 | English Books |
